[Event "Merida World Heritage op 2nd"]
[Site "Merida"]
[Date "2022.08.03"]
[Round "3"]
[White "Knafo, Michael"]
[Black "Mena Lena, Antonio"]
[Result "1/2-1/2"]
[WhiteElo "1631"]
[BlackElo "1268"]
[PlyCount "67"]
[EventDate "2022.08.02"]
[EventType "swiss"]
[EventRounds "9"]
[EventCountry "ESP"]
[SourceTitle "EXT 2023"]
[Source "ChessBase"]
[SourceDate "2022.10.05"]
[SourceVersion "1"]
[SourceVersionDate "2022.10.05"]
[SourceQuality "1"]

1. e4 d5 2. exd5 Qxd5 3. Nc3 Qa5 4. d4 Nf6 5. Bd2 e5 6. dxe5 Qxe5+ 7. Qe2 Bd6 8. Qxe5+ Bxe5 9. Nf3 Bd6 10. 0-0-0 Be6 11. h3 Nc6 12. Ng5 0-0 13. Nxe6 fxe6 14. Bc4 Rae8 15. Rhe1 Ne5 16. Bb3 a6 17. f4 Ned7 18. Bxe6+ Kh8 19. Bxd7 Nxd7 20. g3 h6 21. Ne4 Re6 22. Nxd6 Rxd6 23. Bb4 Rxd1+ 24. Rxd1 Rf7 25. Re1 c5 26. Bc3 b5 27. Be5 Kh7 28. Kd2 Re7 29. Kd3 Nxe5+ 30. Rxe5 Rd7+ 31. Ke2 c4 32. Re6 a5 33. Re5 Rb7 34. Ke3 1/2-1/2

[Event "Merida World Heritage op 1st"]
[Site "Merida"]
[Date "2021.08.05"]
[Round "2"]
[White "Otero Ramirez, Angel"]
[Black "Mena Lena, Antonio"]
[Result "1-0"]
[WhiteElo "1714"]
[BlackElo "1296"]
[PlyCount "81"]
[EventDate "2021.08.04"]
[EventType "swiss"]
[EventRounds "9"]
[EventCountry "ESP"]
[SourceTitle "EXT 2023"]
[Source "ChessBase"]
[SourceDate "2022.10.05"]
[SourceVersion "1"]
[SourceVersionDate "2022.10.05"]
[SourceQuality "1"]

1. c4 e6 2. Nc3 Bc5 3. d4 Be7 4. Nf3 Nf6 5. g3 b6 6. Bg2 Bb7 7. 0-0 d5 8. Ne5 Nbd7 9. Qa4 0-0 10. Nxd7 Qxd7 11. Qxd7 Nxd7 12. cxd5 a6 13. d6 Bxg2 14. dxe7 Bxf1 15. exf8Q+ Kxf8 16. Kxf1 b5 17. Bf4 c6 18. Rc1 f5 19. e4 g6 20. f3 Kf7 21. Nd1 Rc8 22. Nf2 Nb6 23. b3 a5 24. Nd3 Nd7 25. Bd6 fxe4 26. fxe4 Nf6 27. Ne5+ Kg7 28. Rxc6 Rxc6 29. Nxc6 Nxe4 30. Be5+ Kh6 31. Nxa5 Kg5 32. Nb7 Kf5 33. Nd6+ Nxd6 34. Bxd6 Ke4 35. Bc5 Kd3 36. a4 bxa4 37. bxa4 Kc4 38. a5 Kb5 39. Bb6 h5 40. Ke2 Kc6 41. Ke3 1-0

[Event "Almunecar FEDC op 23th"]
[Site "Almunecar"]
[Date "2019.10.02"]
[Round "5"]
[White "Mena Lena, Antonio"]
[Black "Galvan Dominguez, Santiago"]
[Result "1-0"]
[WhiteElo "1293"]
[BlackElo "1449"]
[PlyCount "57"]
[EventDate "2019.09.28"]
[EventType "swiss"]
[EventRounds "7"]
[EventCountry "ESP"]
[SourceTitle "EXT 2024"]
[Source "ChessBase"]
[SourceDate "2023.10.10"]
[SourceVersion "1"]
[SourceVersionDate "2023.10.10"]
[SourceQuality "1"]

1. e4 d6 2. Nf3 Nf6 3. Nc3 g6 4. d4 Bg7 5. Bc4 c6 6. h3 0-0 7. 0-0 Nbd7 8. Re1 e5 9. dxe5 dxe5 10. b4 b5 11. Bb3 Qe7 12. a3 Rd8 13. Ng5 Rf8 14. Be3 h6 15. Nf3 Rd8 16. Nh4 Nc5 17. Bxc5 Rxd1 18. Bxe7 Rxa1 19. Rxa1 Be6 20. Bxe6 fxe6 21. Nxg6 Re8 22. Rd1 Kf7 23. Nxe5+ Kxe7 24. Nxc6+ Kf8 25. Nxa7 Nh5 26. Ncxb5 Rb8 27. c4 Nf4 28. Kf1 Be5 29. Nc6 1-0

[Event "Almunecar FEDC op 23th"]
[Site "Almunecar"]
[Date "2019.09.30"]
[Round "3"]
[White "Mena Lena, Antonio"]
[Black "Martinez Torres, Jose Manuel"]
[Result "0-1"]
[WhiteElo "1293"]
[BlackElo "1430"]
[PlyCount "80"]
[EventDate "2019.09.28"]
[EventType "swiss"]
[EventRounds "7"]
[EventCountry "ESP"]
[SourceTitle "EXT 2024"]
[Source "ChessBase"]
[SourceDate "2023.10.10"]
[SourceVersion "1"]
[SourceVersionDate "2023.10.10"]
[SourceQuality "1"]

1. e4 c5 2. Nf3 e6 3. Bc4 a6 4. c3 b5 5. Be2 Be7 6. c4 Bb7 7. Nc3 b4 8. Nd5 exd5 9. cxd5 Nf6 10. Qc2 d6 11. d3 Nbd7 12. Bd2 0-0 13. h3 Re8 14. b3 Bf8 15. 0-0-0 g6 16. Bg5 Bg7 17. g4 Qa5 18. Kb1 Qb6 19. Be3 Nf8 20. Nd2 Bxd5 21. exd5 Nxd5 22. Ne4 Rxe4 23. dxe4 Nc3+ 24. Kc1 Nxd1 25. Rxd1 Ne6 26. Bc4 Nd4 27. Bxd4 cxd4 28. Rd3 Qc5 29. f4 a5 30. e5 Qb6 31. exd6 Qxd6 32. f5 Qf4+ 33. Qd2 Qe5 34. Qf2 gxf5 35. Kc2 Re8 36. Kd1 Qe4 37. gxf5 Re5 38. f6 Bh6 39. Rg3+ Kh8 40. Bxf7 Qb1# 0-1

[Event "Benidorm FEDC op 22th"]
[Site "Benidorm"]
[Date "2019.06.15"]
[Round "7"]
[White "Mena Lena, Antonio"]
[Black "Escudero Ocana, Francisco"]
[Result "0-1"]
[WhiteElo "1293"]
[BlackElo "1414"]
[PlyCount "120"]
[EventDate "2019.06.09"]
[EventType "swiss"]
[EventRounds "7"]
[EventCountry "ESP"]
[SourceTitle "EXT 2024"]
[Source "ChessBase"]
[SourceDate "2023.10.10"]
[SourceVersion "1"]
[SourceVersionDate "2023.10.10"]
[SourceQuality "1"]

1. e4 e5 2. Nc3 Nf6 3. Bc4 Bc5 4. Qf3 c6 5. Nge2 d6 6. Na4 Bg4 7. Qd3 Bxe2 8. Qxe2 Bb4 9. a3 Ba5 10. b4 Bc7 11. Nc3 Nbd7 12. d3 Nb6 13. Bb3 d5 14. Qf3 0-0 15. Bg5 d4 16. Ne2 a6 17. Bxf6 Qxf6 18. Qxf6 gxf6 19. Ng3 Nc8 20. 0-0 Nd6 21. a4 Kh8 22. f4 Rae8 23. f5 Rg8 24. Rf3 Rg5 25. Rc1 Bd8 26. c4 Kg7 27. c5 Nc8 28. Bxf7 Kxf7 29. h4 Rg4 30. h5 Reg8 31. Kf2 Be7 32. a5 Bf8 33. Rh1 Bh6 34. Rh3 Bd2 35. Rh1 Be3+ 36. Ke2 Rxg3 37. Rxg3 Rxg3 38. Rb1 Rxg2+ 39. Kf3 Rf2+ 40. Kg3 Ne7 41. h6 Ng8 42. b5 cxb5 43. Rh1 b4 44. Rb1 Rd2 45. Rxb4 Rxd3 46. Rxb7+ Ne7 47. c6 Bd2+ 48. Kf2 Bxa5 49. Ke2 Re3+ 50. Kd1 Rxe4 51. Ra7 d3 52. c7 Bxc7 53. Rxc7 Rf4 54. Kd2 e4 55. Ke3 Rh4 56. Ra7 Rxh6 57. Kxe4 d2 58. Rd7 Rh4+ 59. Ke3 d1Q 60. Rxd1 Nxf5+ 0-1

[Event "Benidorm FEDC op 22th"]
[Site "Benidorm"]
[Date "2019.06.11"]
[Round "3"]
[White "Martinez Lopez Cozar, Manuel"]
[Black "Mena Lena, Antonio"]
[Result "1/2-1/2"]
[WhiteElo "1485"]
[BlackElo "1293"]
[PlyCount "33"]
[EventDate "2019.06.09"]
[EventType "swiss"]
[EventRounds "7"]
[EventCountry "ESP"]
[SourceTitle "EXT 2024"]
[Source "ChessBase"]
[SourceDate "2023.10.10"]
[SourceVersion "1"]
[SourceVersionDate "2023.10.10"]
[SourceQuality "1"]

1. d4 e6 2. e4 d5 3. e5 Nc6 4. Bb5 Bd7 5. Nf3 a6 6. Be2 h6 7. 0-0 Nge7 8. Be3 Nf5 9. Bf4 Be7 10. c3 Na5 11. Nbd2 c5 12. Bd3 c4 13. Bxf5 exf5 14. h3 0-0 15. Qc2 Kh7 16. Rfe1 Be6 17. Nf1 1/2-1/2

[Event "Benidorm FEDC op 20th"]
[Site "Benidorm"]
[Date "2018.06.16"]
[Round "7"]
[White "Garcia Diaz, Jose"]
[Black "Mena Lena, Antonio"]
[Result "1-0"]
[WhiteElo "1515"]
[BlackElo "1248"]
[PlyCount "103"]
[EventDate "2018.06.10"]
[EventType "swiss"]
[EventRounds "7"]
[EventCountry "ESP"]
[SourceTitle "CBM 184 Extra"]
[Source "ChessBase"]
[SourceDate "2018.06.28"]
[SourceVersion "1"]
[SourceVersionDate "2018.06.28"]
[SourceQuality "1"]

1. c4 e5 2. g3 Nf6 3. Bg2 Bc5 4. e3 d6 5. Qa4+ Qd7 6. Qb3 Nc6 7. Ne2 b6 8. Nbc3 Bb7 9. Nd5 Na5 10. Qd3 0-0-0 11. 0-0 Nxd5 12. cxd5 Qa4 13. Nc3 Qc4 14. Qf5+ Rd7 15. Bh3 Rhd8 16. Qh5 h6 17. Bxd7+ Rxd7 18. b3 Qd3 19. Na4 Bxd5 20. Nxc5 bxc5 21. Bb2 Re7 22. Qg4+ f5 23. Qa4 Nc6 24. Rac1 Bf3 25. Bc3 g5 26. Ba5 a6 27. Bc3 Qb5 28. Qxb5 axb5 29. Rfe1 d5 30. d4 cxd4 31. exd4 e4 32. Bb2 Re6 33. Rc5 Nb4 34. Re3 c6 35. a3 Nd3 36. Rc2 Kb7 37. Bc3 Bd1 38. Rd2 Bf3 39. Rxf3 exf3 40. Rxd3 g4 41. Re3 Re4 42. Kf1 Kc7 43. Rxe4 fxe4 44. Bd2 h5 45. Bf4+ Kd7 46. Ke1 Kc8 47. Kd2 Kb7 48. Kc3 Kb6 49. Kb4 c5+ 50. dxc5+ Kc6 51. Be3 Kd7 52. Kxb5 1-0

[Event "Benidorm FEDC op 20th"]
[Site "Benidorm"]
[Date "2018.06.13"]
[Round "4"]
[White "Salas Rasilla, Concepcion"]
[Black "Mena Lena, Antonio"]
[Result "1-0"]
[WhiteElo "1588"]
[BlackElo "1248"]
[PlyCount "65"]
[EventDate "2018.06.10"]
[EventType "swiss"]
[EventRounds "7"]
[EventCountry "ESP"]
[SourceTitle "CBM 184 Extra"]
[Source "ChessBase"]
[SourceDate "2018.06.28"]
[SourceVersion "1"]
[SourceVersionDate "2018.06.28"]
[SourceQuality "1"]

1. e4 e5 2. Nf3 Nf6 3. Nc3 Bc5 4. d4 exd4 5. Nxd4 d6 6. Be2 h6 7. 0-0 Nbd7 8. Bf4 Ne5 9. Bxe5 dxe5 10. Nf3 Bd4 11. Nxd4 exd4 12. e5 Nh7 13. Nb5 c5 14. Nd6+ Ke7 15. Bf3 Qc7 16. c3 Ng5 17. cxd4 Nxf3+ 18. Qxf3 Rf8 19. dxc5 Qxc5 20. Rac1 Qb6 21. Qa3 Ke6 22. Rfe1 Rd8 23. Qh3+ Ke7 24. Nxc8+ Raxc8 25. Rxc8 Rd2 26. Qf3 Rxb2 27. Rec1 Rb1 28. Qa3+ Ke6 29. Qd6+ Kf5 30. Qxb6 Rxb6 31. R8c7 Kg6 32. Rd7 a5 33. Rd6+ 1-0

[Event "Benidorm FEDC op 20th"]
[Site "Benidorm"]
[Date "2018.06.10"]
[Round "1"]
[White "Mena Lena, Antonio"]
[Black "Espadina Solano, Jaime E"]
[Result "0-1"]
[WhiteElo "1248"]
[BlackElo "1616"]
[PlyCount "76"]
[EventDate "2018.06.10"]
[EventType "swiss"]
[EventRounds "7"]
[EventCountry "ESP"]
[SourceTitle "CBM 184 Extra"]
[Source "ChessBase"]
[SourceDate "2018.06.28"]
[SourceVersion "1"]
[SourceVersionDate "2018.06.28"]
[SourceQuality "1"]

1. e4 e5 2. Nf3 Nc6 3. Bc4 Be7 4. c3 Nf6 5. d4 exd4 6. cxd4 Nxe4 7. Qe2 d5 8. Bb5 0-0 9. a3 Bg4 10. Be3 Bf6 11. h3 Bd7 12. 0-0 Re8 13. Nbd2 Nxd2 14. Qxd2 Nxd4 15. Nxd4 Bxd4 16. Bxd7 Bxe3 17. Qxd5 Re7 18. fxe3 Rxd7 19. Qf3 c6 20. Rad1 f6 21. Qg4 Rxd1 22. Rxd1 Qe8 23. Rd7 Qxe3+ 24. Kh2 Qe5+ 25. Kg1 f5 26. Qc4+ Kh8 27. Rxb7 Rd8 28. Qc2 h6 29. a4 a5 30. Rb3 Qd4+ 31. Kh2 Qxa4 32. Qc3 Qf4+ 33. Qg3 Qxg3+ 34. Kxg3 Rd5 35. Rf3 g5 36. b3 Kg7 37. h4 Kf6 38. Kh3 g4+ 0-1

[Event "ESP-ch FEDC 26th"]
[Site "Ciudad Real"]
[Date "2017.11.16"]
[Round "5.24"]
[White "Mena Lena, Antonio"]
[Black "Miramon Borragan, Gustavo"]
[Result "0-1"]
[WhiteElo "1272"]
[BlackElo "1591"]
[PlyCount "118"]
[EventDate "2017.11.12"]
[EventType "swiss"]
[EventRounds "8"]
[EventCountry "ESP"]
[SourceTitle "EXT 2024"]
[Source "ChessBase"]
[SourceDate "2023.10.10"]
[SourceVersion "1"]
[SourceVersionDate "2023.10.10"]
[SourceQuality "1"]

1. e4 e5 2. Nf3 Nc6 3. a3 Nf6 4. Nc3 Be7 5. Bc4 0-0 6. d3 d6 7. Bg5 Bg4 8. h3 Bh5 9. g4 Bg6 10. Qd2 Nd7 11. h4 Bxg5 12. hxg5 Nd4 13. Nh4 Re8 14. 0-0-0 Nf8 15. Nd5 c6 16. Ne3 Nde6 17. Nxg6 Nxg6 18. Bxe6 fxe6 19. Ng2 Rf8 20. Rdf1 Nf4 21. f3 Qxg5 22. Nxf4 Qxf4 23. Qxf4 Rxf4 24. Kd2 Raf8 25. Ke2 g6 26. Rh3 b5 27. b3 a5 28. c3 c5 29. Rfh1 R8f7 30. Ke3 d5 31. c4 bxc4 32. bxc4 d4+ 33. Kf2 Rb7 34. Kg3 Rff7 35. Rd1 g5 36. Rh6 Rb6 37. Rh2 Kg7 38. Rdh1 Kg8 39. Rh6 Rg7 40. Rd1 Rg6 41. Rhh1 Rg7 42. Rh6 Rg6 43. Rh2 h6 44. a4 Kh7 45. Rhh1 Rg7 46. Rb1 Rgb7 47. Rb5 Rxb5 48. axb5 a4 49. Ra1 Ra7 50. b6 Rb7 51. Rb1 Kg6 52. Rb5 a3 53. Rxc5 Rxb6 54. Rxe5 Ra6 55. Rb5 a2 56. c5 a1Q 57. Rb8 Qg1+ 58. Kh3 Ra2 59. Rg8+ Kf7 0-1

[Event "ESP-ch FEDC 26th"]
[Site "Ciudad Real"]
[Date "2017.11.12"]
[Round "1.24"]
[White "Mena Lena, Antonio"]
[Black "Garcia Rodriguez, Florencio"]
[Result "0-1"]
[WhiteElo "1272"]
[BlackElo "1747"]
[PlyCount "126"]
[EventDate "2017.11.12"]
[EventType "swiss"]
[EventRounds "8"]
[EventCountry "ESP"]
[SourceTitle "EXT 2024"]
[Source "ChessBase"]
[SourceDate "2023.10.10"]
[SourceVersion "1"]
[SourceVersionDate "2023.10.10"]
[SourceQuality "1"]

1. e4 c5 2. Bc4 g6 3. Nf3 Bg7 4. Nc3 Nc6 5. Ng5 Ne5 6. Qe2 d6 7. h3 Nf6 8. f4 Nxc4 9. Qxc4 0-0 10. d3 a6 11. Nd5 b5 12. Nxf6+ Bxf6 13. Qb3 Qb6 14. c4 Rb8 15. Rb1 bxc4 16. Qxb6 Rxb6 17. dxc4 h6 18. Nf3 Be6 19. e5 Bg7 20. Bd2 Bxc4 21. Bc3 Bxa2 22. Ra1 Bc4 23. Ra4 Bb5 24. Ra3 d5 25. Kf2 d4 26. Ba5 Rc6 27. Rd1 Rfc8 28. Nd2 Bf8 29. Rg3 f5 30. h4 h5 31. e6 Kg7 32. Nf3 Rd6 33. Ng5 Bc4 34. b4 cxb4 35. Bxb4 Rb6 36. Ba3 Rb3 37. Rxb3 Bxb3 38. Rc1 Rxc1 39. Bxc1 d3 40. Bb2+ Kg8 41. Bc3 Bg7 42. Bb4 Bf6 43. Ke3 Bc2 44. Kd2 Kf8 45. g3 Bd4 46. Ke1 Bb6 47. Bc3 a5 48. Nh7+ Ke8 49. Ng5 a4 50. Nf3 a3 51. Ne5 Be3 52. Nc4 Bc1 53. Nd2 Bb2 54. Bxb2 axb2 55. Kf2 b1Q 56. Nxb1 Bxb1 57. Ke1 Kd8 58. Kd2 Kc7 59. Kc1 Bc2 60. Kd2 Kd6 61. Ke3 Kxe6 62. Kd2 Kd5 63. Ke3 Kc4 0-1

[Event "Almunecar FEDC op 19th"]
[Site "Almunecar"]
[Date "2017.10.04"]
[Round "5.19"]
[White "Mena Lena, Antonio"]
[Black "Martinez Martinez, Juan Antonio"]
[Result "1-0"]
[WhiteElo "1288"]
[BlackElo "1611"]
[PlyCount "121"]
[EventDate "2017.09.30"]
[EventType "swiss"]
[EventRounds "7"]
[EventCountry "ESP"]
[SourceTitle "EXT 2024"]
[Source "ChessBase"]
[SourceDate "2023.10.10"]
[SourceVersion "1"]
[SourceVersionDate "2023.10.10"]
[SourceQuality "1"]

1. e4 e5 2. Nf3 Nc6 3. d4 exd4 4. Nxd4 Nxd4 5. Qxd4 d6 6. Bc4 Nf6 7. Nc3 Be7 8. e5 dxe5 9. Qxe5 0-0 10. Bg5 Bd7 11. 0-0 a6 12. Rfe1 Re8 13. Rad1 b5 14. Bd5 Nxd5 15. Qxd5 Bxg5 16. Ne4 Be7 17. Qxd7 Qxd7 18. Rxd7 c5 19. b3 f5 20. Nc3 Bf6 21. Ne2 Bc3 22. Kf1 Bxe1 23. Kxe1 Re6 24. Kd1 Rae8 25. Rd2 g5 26. f3 g4 27. f4 Rh6 28. Kc1 Rxh2 29. Ng3 Re1+ 30. Kb2 Rg1 31. Nxf5 Rgxg2 32. Rd8+ Kf7 33. Ne3 Rg1 34. f5 g3 35. Ng4 Rh4 36. Rd7+ Ke8 37. Nf6+ Kf8 38. Nxh7+ Kg8 39. Nf6+ Kh8 40. Rd8+ Kg7 41. Ne8+ Kh6 42. Rd6+ Kg5 43. f6 Rf1 44. Rd7 g2 45. Rg7+ Kh5 46. Rxg2 Re4 47. Nd6 Re6 48. Nb7 Rfxf6 49. Nxc5 Rf1 50. Nxe6 Kh4 51. Nc5 a5 52. a3 Kh3 53. Rg5 Kh4 54. Rg8 Rf5 55. b4 a4 56. Ne4 Rf4 57. Nd6 Rf3 58. Nxb5 Rb3+ 59. cxb3 axb3 60. Kxb3 Kh5 61. a4 1-0

[Event "Benidorm op 18th"]
[Site "Benidorm"]
[Date "2017.06.16"]
[Round "6"]
[White "Mena Lena, Antonio"]
[Black "Martinez Torres, Jose Manuel"]
[Result "0-1"]
[WhiteElo "1256"]
[BlackElo "1495"]
[PlyCount "100"]
[EventDate "2017.06.11"]
[EventType "swiss"]
[EventRounds "7"]
[EventCountry "ESP"]
[SourceTitle "EXT 2018"]
[Source "ChessBase"]
[SourceDate "2017.10.13"]
[SourceVersion "1"]
[SourceVersionDate "2017.10.13"]
[SourceQuality "1"]

1. e4 c5 2. Nf3 e6 3. Nc3 a6 4. Bc4 b5 5. Be2 Be7 6. a3 Nc6 7. b4 cxb4 8. axb4 Nf6 9. e5 Ng4 10. d4 Bxb4 11. Bd2 Be7 12. 0-0 Bb7 13. h3 Nh6 14. Be3 0-0 15. Qd2 Nf5 16. Bf4 Bb4 17. g4 Nfe7 18. Rfb1 Nd5 19. Rxb4 Ncxb4 20. Nxd5 Nxd5 21. Bg3 Rc8 22. Bd3 f6 23. g5 f5 24. Bh4 g6 25. Bg3 Qe7 26. h4 Nb4 27. Ne1 Nd5 28. f4 d6 29. Ng2 dxe5 30. fxe5 Rc3 31. Ne3 Rfc8 32. Nxd5 Bxd5 33. Bf2 Qb7 34. Rc1 Bh1 35. Bf1 Be4 36. Be1 Rxc2 37. Rxc2 Rxc2 38. Qf4 b4 39. Qe3 a5 40. Qb3 Qc6 41. h5 gxh5 42. Bf2 Qb6 43. Qh3 Rxf2 44. Qxh5 Qxd4 45. Qe8+ Kg7 46. Qe7+ Kg6 47. Qf6+ Kh5 48. Qh6+ Kg4 49. Qh3+ Kf4 50. Qg3+ Kxg3 0-1

[Event "Benidorm op 18th"]
[Site "Benidorm"]
[Date "2017.06.15"]
[Round "5"]
[White "Salas Rasilla, Concepcion"]
[Black "Mena Lena, Antonio"]
[Result "1-0"]
[WhiteElo "1612"]
[BlackElo "1256"]
[PlyCount "91"]
[EventDate "2017.06.11"]
[EventType "swiss"]
[EventRounds "7"]
[EventCountry "ESP"]
[SourceTitle "EXT 2018"]
[Source "ChessBase"]
[SourceDate "2017.10.13"]
[SourceVersion "1"]
[SourceVersionDate "2017.10.13"]
[SourceQuality "1"]

1. Nf3 c5 2. c4 Nc6 3. g3 e6 4. Bg2 d5 5. 0-0 Nf6 6. d4 Be7 7. cxd5 Qxd5 8. Nc3 Qc4 9. dxc5 Bxc5 10. Bf4 Bd7 11. Rc1 Rd8 12. Na4 Bxf2+ 13. Rxf2 Qxa2 14. Ra1 Qd5 15. Bc7 Rc8 16. Qxd5 Nxd5 17. Bd6 Ne3 18. Nc3 a6 19. Nd1 Nxg2 20. Kxg2 Na7 21. Ne5 f6 22. Nxd7 Kxd7 23. Bb4 Rhd8 24. Ne3 Ke8 25. Rff1 Nb5 26. Rfd1 Rd4 27. Rxd4 Nxd4 28. Kf2 f5 29. Bc3 Nb3 30. Ra3 Nc5 31. Bxg7 Ne4+ 32. Kg2 Rc7 33. Bc3 h5 34. Nc2 Kf7 35. Nd4 Rc8 36. Kf3 Kg6 37. Nxe6 Re8 38. Nf4+ Kh6 39. Ra5 Ng5+ 40. Kg2 Rf8 41. Rd5 Ne6 42. Rd6 Re8 43. Rxe6+ Rxe6 44. Nxe6 b6 45. Nc7 a5 46. Bd4 1-0

[Event "Benidorm op 18th"]
[Site "Benidorm"]
[Date "2017.06.13"]
[Round "3"]
[White "Mena Lena, Antonio"]
[Black "Miramon Borragan, Gustavo"]
[Result "0-1"]
[WhiteElo "1256"]
[BlackElo "1567"]
[PlyCount "94"]
[EventDate "2017.06.11"]
[EventType "swiss"]
[EventRounds "7"]
[EventCountry "ESP"]
[SourceTitle "EXT 2018"]
[Source "ChessBase"]
[SourceDate "2017.10.13"]
[SourceVersion "1"]
[SourceVersionDate "2017.10.13"]
[SourceQuality "1"]

1. e4 b6 2. d4 e6 3. Nf3 Bb7 4. Nc3 d6 5. d5 exd5 6. exd5 Nf6 7. Bb5+ Nbd7 8. Bc6 Bxc6 9. dxc6 Nc5 10. Qe2+ Be7 11. Bg5 0-0 12. 0-0 Ne6 13. Bh4 Qe8 14. Qc4 a6 15. a4 h6 16. b4 d5 17. Nxd5 Nxd5 18. Qxd5 Bxb4 19. Ne5 Be7 20. Bg3 Qd8 21. c4 Bf6 22. Rad1 Bxe5 23. Bxe5 Re8 24. g3 Qe7 25. Qd7 Qc5 26. Qd5 Qb4 27. a5 Rad8 28. Rb1 Rxd5 29. Rxb4 Rxe5 30. axb6 cxb6 31. Rxb6 Rc5 32. Rd1 Rxc4 33. Rd7 Rc8 34. Rxa6 R4xc6 35. Raa7 R6c7 36. Raxc7 Rxc7 37. Rd2 g5 38. h3 Kg7 39. Kg2 Kg6 40. Rd5 Rc2 41. Rd6 Kg7 42. Rd7 Rb2 43. Rd3 Nc5 44. Re3 Kg6 45. Re5 Nd3 46. Re3 Nxf2 47. g4 Nxg4+ 0-1

[Event "Benidorm op 18th"]
[Site "Benidorm"]
[Date "2017.06.11"]
[Round "1"]
[White "Mena Lena, Antonio"]
[Black "Garcia Cervigon, Juan Pablo"]
[Result "0-1"]
[WhiteElo "1256"]
[BlackElo "1678"]
[PlyCount "78"]
[EventDate "2017.06.11"]
[EventType "swiss"]
[EventRounds "7"]
[EventCountry "ESP"]
[SourceTitle "EXT 2018"]
[Source "ChessBase"]
[SourceDate "2017.10.13"]
[SourceVersion "1"]
[SourceVersionDate "2017.10.13"]
[SourceQuality "1"]

1. e4 c6 2. Nf3 d5 3. d4 dxe4 4. Ne5 Nf6 5. Bc4 e6 6. Nc3 Nbd7 7. 0-0 Nb6 8. Bg5 Be7 9. Bb3 Nbd5 10. Ne2 Nd7 11. Bxe7 Qxe7 12. c4 N5f6 13. Nxd7 Bxd7 14. Nc3 0-0-0 15. d5 exd5 16. cxd5 cxd5 17. Qd4 Kb8 18. Rfe1 Bc6 19. a4 Rhe8 20. Nb5 b6 21. Rac1 Rc8 22. Rc3 Bxb5 23. axb5 Rxc3 24. bxc3 Qc5 25. Qxc5 bxc5 26. c4 d4 27. h3 g5 28. Kh2 Nd7 29. f3 e3 30. Bc2 h6 31. Bd3 Ne5 32. Bf1 Ng6 33. Kg3 Nf4 34. Ra1 Kb7 35. h4 d3 36. Re1 e2 37. Kf2 exf1Q+ 38. Rxf1 Re2+ 39. Kg3 Rxg2# 0-1

[Event "Madrid FEDC-ch 25th"]
[Site "Madrid"]
[Date "2016.11.09"]
[Round "4"]
[White "Mena Lena, Antonio"]
[Black "Alarcon Alarcon, Juana"]
[Result "0-1"]
[WhiteElo "1308"]
[BlackElo "1263"]
[PlyCount "31"]
[EventDate "2016.11.06"]
[EventType "swiss"]
[EventRounds "8"]
[EventCountry "ESP"]
[SourceTitle "CBM 175 Extra"]
[Source "ChessBase"]
[SourceDate "2016.12.12"]
[SourceVersion "1"]
[SourceVersionDate "2016.12.12"]
[SourceQuality "1"]

1. e4 e5 2. Nf3 Nc6 3. d4 d6 4. Bb5 a6 5. Bxc6+ bxc6 6. dxe5 Bg4 7. Bf4 Qe7 8. Qd3 Bxf3 9. Qxf3 dxe5 10. Bd2 Rd8 11. Nc3 Qd7 12. 0-0-0 Rb8 13. Na4 Bd6 14. Bc3 c5 15. Bxe5 Qxa4 16. Bxg7 0-1

[Event "Madrid FEDC-ch 25th"]
[Site "Madrid"]
[Date "2016.11.06"]
[Round "1"]
[White "Gimeno Diaz, Fernando"]
[Black "Mena Lena, Antonio"]
[Result "1-0"]
[WhiteElo "1755"]
[BlackElo "1308"]
[PlyCount "97"]
[EventDate "2016.11.06"]
[EventType "swiss"]
[EventRounds "8"]
[EventCountry "ESP"]
[SourceTitle "CBM 175 Extra"]
[Source "ChessBase"]
[SourceDate "2016.12.12"]
[SourceVersion "1"]
[SourceVersionDate "2016.12.12"]
[SourceQuality "1"]

1. d4 h6 2. Nf3 d5 3. e3 a6 4. c4 c6 5. Nc3 Nf6 6. Bd3 Nbd7 7. cxd5 cxd5 8. 0-0 e6 9. b3 Bd6 10. Bb2 0-0 11. Rc1 Re8 12. Bb1 e5 13. dxe5 Nxe5 14. h3 Be6 15. Nd4 Qa5 16. Nxe6 fxe6 17. Ne2 Rac8 18. Nf4 Rc6 19. Rxc6 Nxc6 20. Bxf6 Bxf4 21. exf4 gxf6 22. Qg4+ Kf8 23. Qg6 Ke7 24. Qg7+ Kd8 25. Qxf6+ Kd7 26. Qxh6 Qd2 27. Qg7+ Re7 28. Qg3 Nd4 29. Qe3 Ne2+ 30. Kh2 Qxe3 31. fxe3 Nc3 32. g4 e5 33. f5 d4 34. f6 Rf7 35. Bg6 Rf8 36. exd4 exd4 37. g5 Kd6 38. Bd3 Nd5 39. h4 Ke5 40. Rf5+ Ke6 41. Rxd5 Kxd5 42. g6 Ke6 43. f7 Kf6 44. Kg3 Rh8 45. Kg4 Kg7 46. Kg5 a5 47. h5 b6 48. h6+ Kf8 49. g7+ 1-0

[Event "Almunecar FEDC op 17th"]
[Site "Almunecar"]
[Date "2016.09.30"]
[Round "6"]
[White "Mena Lena, Antonio"]
[Black "Martinez Morina, Manel"]
[Result "1/2-1/2"]
[WhiteElo "1284"]
[BlackElo "1728"]
[PlyCount "60"]
[EventDate "2016.09.25"]
[EventType "swiss"]
[EventRounds "7"]
[EventCountry "ESP"]
[SourceTitle "EXT 2017"]
[Source "ChessBase"]
[SourceDate "2016.10.25"]
[SourceVersion "1"]
[SourceVersionDate "2016.10.25"]
[SourceQuality "1"]

1. e4 e5 2. Nf3 Nc6 3. c3 Nf6 4. d3 d5 5. exd5 Nxd5 6. d4 exd4 7. Nxd4 Nxd4 8. Qxd4 Qe7+ 9. Be2 Qc5 10. Qxc5 Bxc5 11. 0-0 0-0 12. Bf3 Nf6 13. Re1 c6 14. Be3 Bxe3 15. Rxe3 Be6 16. b3 Rac8 17. c4 Rfe8 18. Nc3 Bg4 19. Rxe8+ Rxe8 20. Bxg4 Nxg4 21. f3 Nf6 22. Kf2 Kf8 23. Re1 Rxe1 24. Kxe1 Ke7 25. Ke2 Ke6 26. Ke3 Ke5 27. g3 b6 28. f4+ Ke6 29. Ne4 Nxe4 30. Kxe4 Kd6 1/2-1/2

[Event "Almunecar FEDC op 17th"]
[Site "Almunecar"]
[Date "2016.09.29"]
[Round "5"]
[White "Martinez Lopez Cozar, Manuel"]
[Black "Mena Lena, Antonio"]
[Result "0-1"]
[WhiteElo "1635"]
[BlackElo "1284"]
[PlyCount "122"]
[EventDate "2016.09.25"]
[EventType "swiss"]
[EventRounds "7"]
[EventCountry "ESP"]
[SourceTitle "EXT 2017"]
[Source "ChessBase"]
[SourceDate "2016.10.25"]
[SourceVersion "1"]
[SourceVersionDate "2016.10.25"]
[SourceQuality "1"]

1. e4 c5 2. Nf3 Nc6 3. d4 d6 4. d5 Ne5 5. Nxe5 dxe5 6. f4 exf4 7. Bxf4 Nf6 8. Nc3 Qa5 9. Be2 Nxe4 10. Qd3 Nxc3 11. Bd2 Qc7 12. Qxc3 e6 13. Bf3 e5 14. 0-0 Bd6 15. Rae1 0-0 16. h3 Bf5 17. Qb3 f6 18. c4 b6 19. Kh1 Rae8 20. Bh5 Bg6 21. Bxg6 hxg6 22. Qd3 f5 23. Qg3 Qf7 24. Bg5 f4 25. Qd3 Qf5 26. Qxf5 gxf5 27. Re2 g6 28. Rfe1 e4 29. Rf1 f3 30. gxf3 exf3 31. Ref2 Re2 32. Bd2 Rfe8 33. Bc3 R8e3 34. Rxf3 Re4 35. b3 Rxa2 36. R1f2 Ree2 37. Kg2 Rxf2+ 38. Rxf2 Rxf2+ 39. Kxf2 a5 40. Bf6 Bc7 41. Kf3 Kh7 42. Bg5 Kg7 43. Bf4 Bd8 44. Be5+ Kh6 45. Bb8 Kh5 46. d6 Bf6 47. d7 Bd8 48. Kg3 g5 49. Kg2 g4 50. hxg4+ Kxg4 51. Bd6 f4 52. Bb8 f3+ 53. Kg1 Kf5 54. Kf2 Ke4 55. Bd6 Bh4+ 56. Kf1 Bd8 57. Ke1 Bh4+ 58. Kf1 Bd8 59. Ke1 Kd3 60. Kf2 Kc3 61. Kxf3 Kxb3 0-1